000 00944nam a2200289 i 4500
003 DO-SdBNP
005 20230804095239.0
007 ta
008 140626s2019 dr a c 000 0 spa d
020 _a9789993489153
040 _aDO-SdBNP
_bspa
_cBPMSU
_erda
082 4 _aRD863.44
_bC117c 2019
_222
100 1 _aCabral, Lucía Amelia,
_eautora
245 1 3 _aEl camino de libertad /
_cLucia Amelia Cabral ; ilustraciones, Milán Lora.
250 _a4a. ed.
264 1 _aSanto Domingo :
_bEdiciones Infantiles Dominicanas,
_c2019.
300 _a61 páginas :
_bilustraciones ;
_c22 cm.
336 _2rdacontent
_atexto
_btxt
337 _2rdamedia
_asin mediación
_bn
338 _2rdacarrier
_avolumen
_bnc
590 _aInventariado, 2023/VM
650 4 _aCuentos infantiles dominicanos
650 4 _aLiteratura infantil dominicana
700 1 _aLora, Milán,
_eilustraciones
910 _aVMateo V. Control de calidad
942 _2ddc
_cBK
999 _c14459
_d14459